Phân tích tài chính doanh nghiệp /

Gespeichert in:
Bibliographische Detailangaben
1. Verfasser: Peyrard, Jostte
Format: Buch
Sprache:Vietnamese
Veröffentlicht: TKE 1999
Tags: Tag hinzufügen
Keine Tags, Fügen Sie den ersten Tag hinzu!
Thư viện lưu trữ: Mạng thư viện Đại học Đà Nẵng
LEADER 00640nam a2200265 4500
001 000028037
003 PE-JZ
005 20150403120000.0
008 150403s vm 000 vie
020 |c 0,0000 
040 |a notts 
100 |a Peyrard, Jostte 
245 |a Phân tích tài chính doanh nghiệp /  |c JosttePeyrard ; Đỗ Văn Thận dịch. 
260 |b TKE  |c 1999 
OWN |a LTT 
999 |a From the UDN01 
TYP |a Monograph 
TYP |a Printed language 
980 |a Mạng thư viện Đại học Đà Nẵng